000 00854nab a2200253 u 4500
001 23339
003 HDC
007 cr bn ---aaaaa
008 210319c20140630my dr|nes 0 a may d
040 _aHDC
100 _aAbdul Razak Din
_eauthor
_915094
245 0 _aAyuh Terokai Pasaran Antarabangsa - Najib / Oleh
_cAbdul Razak Din
260 _aKuala Lumpur :
_bUtusan Melayu (M) Bhd.,
_c2014
336 _atext
_2rdacontent
337 _acomputer
_2rdamedia
338 _aonline resource
_2rdacarrier
650 _aexplore new markets
_919964
650 _aFelda settlers
_919963
710 _aUtusan Malaysia
856 _zRequest full-text at [email protected]
942 _2lcc
942 _cNEWS
942 _kNWSC 005999
999 _c20655
_d20655